| 000 | 01316nam a22002177a 4500 | ||
|---|---|---|---|
| 003 | OSt | ||
| 005 | 20230711125017.0 | ||
| 008 | 230705s2015 |||||||| |||| 00| 1 spa d | ||
| 020 | _a9789500437103 | ||
| 040 |
_bspa _cbesoc |
||
| 100 | 1 |
_aBlake, Nicholas _d(1904-1972) _eautor |
|
| 245 | 1 | 3 |
_aLa bestia debe morir / _cNicholas Blake ; traducción de J. R. Wilcock |
| 250 | _a1a ed. | ||
| 260 |
_aBuenos Aires : _bEmecé, _c2015 |
||
| 300 | _a270 p. | ||
| 490 | _aEl séptimo círculo / colección creada por Jorge Luis Borges y Adolfo Bioy Casares | ||
| 520 | _aUn autor de novelas policiales cuyo hijo ha sido asesinado por un desconocido decide vengar esa muerte. Tiene un plan perfecto y todo está listo; cuando parece que ya no hay salida (para la bestia) que cometió la atrocidad que perturba incesantemente al escritor, ocurre lo inesperado. La novela es el diario minucioso que registra la búsqueda del culpable y que permite al lector acompañar cada instante en la planificación de la venganza de un padre desencajado por el dolor... "Voy a matar a un hombre. No sé cómo se llama, no sé donde vive, no tengo idea de su aspecto. Pero voy a encontrarlo y lo mataré" [Nota del editor]. | ||
| 650 | 4 |
_aLiteratura inglesa _vNovelas _ySiglo XX |
|
| 700 |
_aWilcock, J. R. _etraductor |
||
| 942 |
_2udc _cOG _n0 |
||
| 999 |
_c19 _d19 |
||